| 000 | 01779nam0a2200325 i 4500 | ||
|---|---|---|---|
| 001 | RU\NLR\bibl\1903876 | ||
| 005 | 20260405070610.0 | ||
| 010 |
_a9785406005613 _9500 |
||
| 021 |
_aRU _b2012-29483 _92190 |
||
| 035 | _a(NLR Aleph) 001893479 | ||
| 090 |
_a2951485 _c2951485 |
||
| 100 | _a20120516d2011 u y0rusy50 ca | ||
| 101 | 0 | _arus | |
| 102 | _aRU | ||
| 105 | _ay ||||||||| | ||
| 200 | 1 |
_aВведение в курс мировой экономики _e(экономическая география зарубежных стран) _eпрактикум _eучебное пособие _eдля студентов, обучающихся по специальностям "Финансы и кредит", "Бухгалтерский учет, анализ и аудит", "Мировая экономика" _fЕ.Н. Смирнов, С.М. Смагулова |
|
| 210 |
_aМосква _cКноРус _d2011 |
||
| 215 |
_a312, [1] с. _d22 |
||
| 300 | _aНа обороте тит. л. авт.: кандидаты экон. наук, доценты Е.Н. Смирнов, С.М. Смагулова | ||
| 320 | _aБиблиогр. в конце гл. | ||
| 607 |
_aЗарубежные страны _jУчебные издания для высших учебных заведений _xЭкономическая география _91121842 _3RU\NLR\auth\66444631 |
||
| 686 | _aУ04(0)я73 | ||
| 700 | 1 |
_4070 _7ca _8rus _aСмирнов _bЕ. Н. _cд-р экон. наук. _gЕвгений Николаевич _97016 _3RU\NLR\auth\7723963 |
|
| 701 | 1 |
_aСмагулова _bС. М. _gСамал Мураденовна _4070 |
|
| 801 | 0 |
_aRU _bNLR _c20120516 _gRCR |
|
| 801 | 1 |
_aRU _bNLR _c20120516 |
|
| 830 | _aавт. по кн. | ||
| 942 | _cBOOK | ||
| 980 | _aNBR | ||